Atlas nacional de España. (Record no. 11132)

MARC details
000 -LEADER
campo de control de longitud fija 01036nam a2200217 i 4500
001 - NÚMERO DE CONTROL
campo de control 11132
003 - IDENTIFICADOR DE NÚMERO DE CONTROL
campo de control ES-MaACL
005 - FECHA Y HORA DE LA ÚLTIMA TRANSACCIÓN
campo de control 20230906150032.0
007 - CAMPO FIJO DE DESCRIPCIÓN FÍSICA--INFORMACIÓN GENERAL
campo de control de longitud fija t|
008 - DATOS DE LONGITUD FIJA--INFORMACIÓN GENERAL
campo de control de longitud fija 951017s1995 sp ab |||| | spa j
020 ## - NÚMERO INTERNACIONAL ESTÁNDAR DEL LIBRO
Número Internacional Estándar del Libro 84-7819-030-9
080 ## - NÚMERO DE LA CLASIFICACIÓN DECIMAL UNIVERSAL
Número de la Clasificación Decimal Universal 912(460)
245 00 - MENCIÓN DEL TÍTULO
Título Atlas nacional de España.
260 ## - PUBLICACIÓN, DISTRIBUCIÓN, ETC.
Lugar de publicación, distribución, etc. Madrid :
Nombre del editor, distribuidor, etc. Centro Nacional de Información Geográfica,
Fecha de publicación, distribución, etc. 1995.
300 ## - DESCRIPCIÓN FÍSICA
Extensión 5 v. :
Otras características físicas il. col., mapas col. ;
Dimensiones 54 cm.
505 8# - NOTA DE CONTENIDO CON FORMATO
Nota de contenido con formato Contiene: I ;
Título Información general básica; El medio terrestre; El medio marino - II ;
-- Información demográfica; Ordenación del territorio y actividades económicas básicas; Actividades industriales - IV ;
-- Otras actividades y servicios - V ;
-- Problemas medioambientales; El conocimiento del territorio; Información sociológica
594 ## - Nota al título y mención de responsabilidad
Nota al título y mención de responsabilidad En port.: Ministerio de Obras Públicas, Transportes y Medio Ambiente, Instituto Geográfico Nacional.
651 #4 - PUNTO DE ACCESO ADICIONAL DE MATERIA--NOMBRE GEOGRÁFICO
Nombre geográfico España-
Subdivisión de forma Mapas.
9 (RLIN) 138074
710 2# - ENTRADA AGREGADA--NOMBRE DE ENTIDAD CORPORATIVA
Nombre de entidad corporativa o nombre de jurisdicción como elemento de entrada Instituto Geográfico Nacional (España)
9 (RLIN) 5074
852 ## - LOCALIZACIÓN
Ubicación ES-MaACL
Número de control de estantería J-117
Holdings
Estatus retirado Estado de pérdida Estado de daño No para préstamo Biblioteca de origen Biblioteca actual Ubicación en estantería Fecha de adquisición Fuente de adquisición Total de préstamos Signatura topográfica completa Código de barras Visto por última vez Precio de reemplazo Tipo de ítem Koha
        Biblioteca del Ateneo de Madrid Biblioteca del Ateneo de Madrid Depósito 2 17/01/2008     J-117 1011352 23/02/2023 23/02/2023 Libro impreso